Sports Quiz

Random Sports Quiz

What happened to the Denver Nuggets? Quiz Stats

 Plays Quiz not verified by Sporcle

Support Sporcle.
Go Orange.
Score 0/28 Timer 03:00
0 Plays Today
% Correct
New York Knicks
94.2%
Los Angeles Clippers
93%
New York Knicks
93%
Washington Wizards
87.2%
Ty Lawson
76.7%
Danilo Gallinari
75.6%
Los Angeles Clippers
74.4%
New York Knicks
64%
Toronto Raptors
62.8%
Arron Afflalo
58.1%
Timofey Mozgov
58.1%
Andre Miller
55.8%
Kenneth Faried
55.8%
Indiana Pacers
54.7%
% Correct
Denver Nuggets
53.5%
Wilson Chandler
52.3%
Rudy Fernandez
50%
last played for the Toronto Raptors
45.3%
Kosta Koufos
45.3%
Corey Brewer
41.9%
Jordan Hamilton
39.5%
JaVale McGee
39.5%
BC Zalgiris (last played in the NBA for the Raptors)
38.4%
Al Harrington
38.4%
Chris Andersen
38.4%
New Jersey Nets
32.6%
Julyan Stone
31.4%
who knows? (last played in the NBA for the Hornets
15.1%

You're not logged in!

Compare scores with friends on all Sporcle quizzes.
OR
Log In

From the Vault

Movies of 1994

by grapefruitking

Just 20 years ago, Hollywood released some of the greatest movies of all time.
Remove Ads.
Support Sporcle.
Get the best of Sporcle when you Go Orange. This ad-free experience offers more features, more stats, and more fun while also helping to support Sporcle. Thank you for becoming a member.

Show Comments

Extras

Created Mar 23, 2012ReportNominate
Tags:Denver, Denver Nuggets, Roster

Top Quizzes Today


Score Distribution

Your Account Isn't Verified!

In order to create a playlist on Sporcle, you need to verify the email address you used during registration. Go to your Sporcle Settings to finish the process.

Report this User

Report this user for behavior that violates our Community Guidelines.

Details: